Solomon Islands City Quiz - Statistics

General Stats
  • This quiz has been taken 16 times
  • The average score is 1 of 5
Answer Stats
City % Correct
Honiara
100%
Auki
30%
Tandai
10%
Malango
0%
Noro
0%
No matching quizzes found
Score Distribution
Percent of People with Each Score
Percentile by Number Answered
Your Score History
You have not taken this quiz